书目信息 |
| 题名: |
汽车系统动力学与集成控制
|
|
| 作者: | 陈无畏 著 | |
| 分册: | ||
| 出版信息: | 北京 科学出版社 2014.6 |
|
| 页数: | 300页 | |
| 开本: | 24cm | |
| 丛书名: | ||
| 单 册: | ||
| 中图分类: | U461.1 , U463.6 | |
| 科图分类: | ||
| 主题词: | 汽车--系统动态学 , 汽车--底盘--电气控制系统 , 汽车 , 系统动态学 , 底盘 , 电气控制系统 | |
| 电子资源: | ||
| ISBN: | 978-7-03-041082-5 | |
| 000 | 01081nam0 2200313 450 | |
| 001 | 0400001718 | |
| 005 | 20171019141051.0 | |
| 010 | @a978-7-03-041082-5@dCNY100.00 | |
| 100 | @a20140730e20152014em y0chiy50 ea | |
| 101 | 0 | @achi |
| 102 | @aCN@b110000 | |
| 105 | @aa z 000yy | |
| 106 | @ar | |
| 200 | 1 | @a汽车系统动力学与集成控制@9qi che xi tong dong li xue yu ji cheng kong zhi@f陈无畏[等]著 |
| 210 | @a北京@c科学出版社@d2014.6@h2015.7 | |
| 215 | @a300页@c图@d24cm | |
| 304 | @a著者还有:王其东、肖寒松、赵林峰、朱茂飞 | |
| 330 | @a本书主要提供了能体现汽车系统动力学特征、并能满足汽车控制系统所需要的汽车动力学模型,研究了这些模型的不同特性,给出了由这些模型所设计的汽车控制系统的基本结构和应用方法,重点是底盘系统的集成控制方法。 | |
| 606 | 0 | @a汽车@x系统动态学 |
| 606 | 0 | @a汽车@x底盘@x电气控制系统 |
| 606 | 0 | @a汽车 |
| 606 | 0 | @a系统动态学 |
| 606 | 0 | @a底盘 |
| 606 | 0 | @a电气控制系统 |
| 690 | @aU461.1@v5 | |
| 690 | @aU463.6@v5 | |
| 701 | 0 | @a陈无畏@9chen wu wei@f(1951~)@4著 |
| 801 | 0 | @aCN@b91MARC@c20171019 |
| 905 | @b1030356-60@dU461.1@f5@e507 | |
| 汽车系统动力学与集成控制/陈无畏[等]著.-北京:科学出版社,2014.6(2015.7) |
| 300页:图;24cm |
| ISBN 978-7-03-041082-5:CNY100.00 |
| 本书主要提供了能体现汽车系统动力学特征、并能满足汽车控制系统所需要的汽车动力学模型,研究了这些模型的不同特性,给出了由这些模型所设计的汽车控制系统的基本结构和应用方法,重点是底盘系统的集成控制方法。 |
| ● |
| 相关链接 |
|
|
|
|
正题名:汽车系统动力学与集成控制
索取号:U461.1/507
 
预约/预借
| 序号 | 登录号 | 条形码 | 馆藏地/架位号 | 状态 | 备注 |
| 1 | 1030356 | 210303562 | 第二样本阅览室/ [索取号:U461.1/507] | 在馆 | |
| 2 | 1030357 | 210303571 | 密集书库-物理学院/ [索取号:U461.1/507] | 在馆 | |
| 3 | 1030358 | 210303580 | 第三借阅区/ [索取号:U461.1/507] | 在馆 | |
| 4 | 1030359 | 210303599 | 第三借阅区/ [索取号:U461.1/507] | 在馆 | |
| 5 | 1030360 | 210303606 | 第三借阅区/ [索取号:U461.1/507] | 在馆 |